[Event "Madrid-ch 2020-2021 - Final"]
[Site "Madrid ESP"]
[Date "2021.05.27"]
[Round "6.4"]
[White "Centeno Mendoza, Julio Stefano"]
[Black "Almagro Llamas, Pablo"]
[Result "0-1"]
[WhiteElo "2012"]
[BlackElo "2424"]
[PlyCount "68"]
[EventDate "2021.05.22"]
[EventType "swiss"]
[EventRounds "7"]
[EventCountry "ESP"]
[SourceTitle "Ajedrez en Madrid"]
[Source "lmi"]
[SourceDate "2021.05.23"]
[SourceVersion "1"]
[SourceVersionDate "2021.05.29"]
[SourceQuality "1"]

1. e4 c6 2. Nc3 d5 3. Nf3 Bg4 4. h3 Bxf3 5. Qxf3 e6 6. d3 Nf6 7. Bd2 Nbd7 8. g4
h6 9. Bg2 Qb6 10. Rb1 d4 11. Ne2 Bd6 12. O-O h5 13. Bf4 hxg4 14. hxg4 Qc7 15.
Qg3 Bxf4 16. Nxf4 g5 17. Ne2 e5 18. Nxd4 Nf8 19. Ne2 Rh4 20. f3 Ng6 21. d4 Nd7
22. Rfd1 O-O-O 23. c3 Rdh8 24. Kf2 Qb6 25. Ke1 Rh2 26. Bf1 Ndf8 27. Kd2 Nf4 28.
Ke3 N8e6 29. Rd2 c5 30. Rbd1 cxd4+ 31. cxd4 exd4+ 32. Nxd4 Rxd2 33. Rxd2 Nxd4
34. Rxd4 Rd8 0-1

[Event "Madrid-ch 2020-2021 - Final"]
[Site "Madrid ESP"]
[Date "2021.05.27"]
[Round "6.5"]
[White "Quispe Arteaga, Gabriel"]
[Black "Suarez Uriel, Adrian"]
[Result "1-0"]
[WhiteElo "2386"]
[BlackElo "2364"]
[PlyCount "119"]
[EventDate "2021.05.22"]
[EventType "swiss"]
[EventRounds "7"]
[EventCountry "ESP"]
[SourceTitle "Ajedrez en Madrid"]
[Source "lmi"]
[SourceDate "2021.05.23"]
[SourceVersion "1"]
[SourceVersionDate "2021.05.29"]
[SourceQuality "1"]

1. d4 Nf6 2. Nf3 b6 3. g3 Bb7 4. Bg2 g6 5. O-O Bg7 6. c4 O-O 7. d5 b5 8. Qb3
Qc8 9. Qxb5 c6 10. dxc6 Nxc6 11. Nc3 Rb8 12. Qa4 Ba6 13. a3 d6 14. Nd5 Re8 15.
Rb1 Nd7 16. Be3 Nc5 17. Bxc5 dxc5 18. b3 e6 19. Ne3 Bh6 20. Nc2 e5 21. Ng5 Nd4
22. Nxd4 exd4 23. Ne4 Re6 24. Qa5 Bf8 25. Qd2 Qe8 26. Qf4 Be7 27. Ng5 Bxg5 28.
Qxg5 Re5 29. Qf4 Rxe2 30. Bd5 Rd8 31. Qf6 Rxd5 32. cxd5 Bc8 33. b4 d3 34. bxc5
d2 35. Qf4 Kg7 36. Qd4+ Kg8 37. Rb8 Re1 38. Rxc8 Qxc8 39. Qxd2 Rxf1+ 40. Kxf1
Qxc5 41. d6 Qb5+ 42. Kg1 Qd7 43. Qd5 Kg7 44. Qd4+ f6 45. Qc5 Kf7 46. Qd5+ Kf8
47. h4 h5 48. a4 a5 49. Qxa5 Qxd6 50. Qa8+ Kf7 51. Qb7+ Ke6 52. a5 g5 53. a6
gxh4 54. a7 hxg3 55. Qe4+ Kf7 56. a8=Q gxf2+ 57. Kf1 Qd1+ 58. Kxf2 Qd2+ 59. Qe2
Qd4+ 60. Kg2 1-0

[Event "Madrid-ch 2020-2021 - Final"]
[Site "Madrid ESP"]
[Date "2021.05.27"]
[Round "6.6"]
[White "Neagu, Roberto Florin"]
[Black "Elissalt Cardenas, Hector"]
[Result "0-1"]
[WhiteElo "1881"]
[BlackElo "2281"]
[PlyCount "62"]
[EventDate "2021.05.22"]
[EventType "swiss"]
[EventRounds "7"]
[EventCountry "ESP"]
[SourceTitle "Ajedrez en Madrid"]
[Source "lmi"]
[SourceDate "2021.05.23"]
[SourceVersion "1"]
[SourceVersionDate "2021.05.29"]
[SourceQuality "1"]

1. c4 e5 2. Nc3 f5 3. d4 Nc6 4. d5 Nce7 5. Nf3 Ng6 6. e4 f4 7. h4 h5 8. g3 fxg3
9. fxg3 Nf6 10. Bh3 Bb4 11. Ng5 Bxc3+ 12. bxc3 d6 13. Ne6 Bxe6 14. Bxe6 Nf8 15.
Bf5 g6 16. Bh3 Ng4 17. Bxg4 hxg4 18. Qxg4 Qd7 19. Qg5 Rh5 20. Qf6 Qg4 21. Rf1
Qxe4+ 22. Kd1 Rf5 23. Rxf5 Qxf5 24. Qxf5 gxf5 25. Ke2 Kf7 26. Be3 b6 27. Rf1
Kg6 28. h5+ Kf6 29. Bf2 Kg5 30. Kf3 Re8 31. Rg1 Nh7 0-1

[Event "Madrid-ch 2020-2021 - Final"]
[Site "Madrid ESP"]
[Date "2021.05.27"]
[Round "6.7"]
[White "Hernandez Ramos, David"]
[Black "Rodriguez Avila, Alvaro"]
[Result "1-0"]
[WhiteElo "2101"]
[BlackElo "1966"]
[PlyCount "63"]
[EventDate "2021.05.22"]
[EventType "swiss"]
[EventRounds "7"]
[EventCountry "ESP"]
[SourceTitle "Ajedrez en Madrid"]
[Source "lmi"]
[SourceDate "2021.05.23"]
[SourceVersion "1"]
[SourceVersionDate "2021.05.29"]
[SourceQuality "1"]

1. e4 c5 2. c3 g6 3. d4 cxd4 4. cxd4 d5 5. e5 Nc6 6. Bb5 Bd7 7. Nc3 a6 8. Be2
e6 9. Nf3 Bg7 10. O-O Nge7 11. Bg5 h6 12. Be3 Nf5 13. Qd2 O-O 14. Bd3 Kh7 15.
Rae1 f6 16. Bf4 fxe5 17. Bxe5 Bxe5 18. Nxe5 Ncxd4 19. g4 Nh4 20. f4 Nc6 21.
Nxd7 Qxd7 22. Qf2 Nb4 23. Bb1 Qe7 24. a3 d4 25. Qxd4 Nc6 26. Qf2 Rad8 27. Re3
Nd4 28. Rh3 Qc5 29. Kh1 Nhf5 30. gxf5 gxf5 31. Qh4 Qc6+ 32. Be4 1-0

[Event "Madrid-ch 2020-2021 - Final"]
[Site "Madrid ESP"]
[Date "2021.05.27"]
[Round "6.8"]
[White "Candela Perez, Jose"]
[Black "Perez Gonzalez, Daniel"]
[Result "1-0"]
[WhiteElo "2328"]
[BlackElo "2056"]
[PlyCount "71"]
[EventDate "2021.05.22"]
[EventType "swiss"]
[EventRounds "7"]
[EventCountry "ESP"]
[SourceTitle "Ajedrez en Madrid"]
[Source "lmi"]
[SourceDate "2021.05.23"]
[SourceVersion "1"]
[SourceVersionDate "2021.05.29"]
[SourceQuality "1"]

1. d4 Nf6 2. c4 g6 3. Nc3 d5 4. cxd5 Nxd5 5. e4 Nxc3 6. bxc3 Bg7 7. Qa4+ Qd7 8.
Qa3 O-O 9. Nf3 b6 10. Be3 Bb7 11. Bd3 c5 12. Rd1 Nc6 13. dxc5 Qc7 14. O-O Rfd8
15. cxb6 axb6 16. Qb3 b5 17. Bxb5 Ne5 18. Rxd8+ Rxd8 19. Be2 Rb8 20. Rb1 Nxf3+
21. gxf3 Be5 22. Ba7 Bxh2+ 23. Kg2 Ra8 24. Bb6 Qd6 25. Rd1 Qe5 26. Bd4 Qc7 27.
Bc4 e6 28. Bxe6 Bf4 29. Bb6 Qe7 30. Bxf7+ Qxf7 31. Qxf7+ Kxf7 32. Rd7+ Kg8 33.
Rxb7 Rxa2 34. Bd4 Rd2 35. Rg7+ Kh8 36. Rf7+ 1-0

[Event "Madrid-ch 2020-2021 - Final"]
[Site "Madrid ESP"]
[Date "2021.05.27"]
[Round "6.9"]
[White "Fernandez Rosado, Roberto"]
[Black "Rey Martinez, Jaime"]
[Result "1-0"]
[WhiteElo "2029"]
[BlackElo "1992"]
[PlyCount "75"]
[EventDate "2021.05.22"]
[EventType "swiss"]
[EventRounds "7"]
[EventCountry "ESP"]
[SourceTitle "Ajedrez en Madrid"]
[Source "lmi"]
[SourceDate "2021.05.23"]
[SourceVersion "1"]
[SourceVersionDate "2021.05.29"]
[SourceQuality "1"]

1. e4 c5 2. Nc3 Nc6 3. Nf3 e6 4. d4 cxd4 5. Nxd4 Nf6 6. Ndb5 Bc5 7. Nd6+ Ke7 8.
Nxc8+ Rxc8 9. Bd3 d5 10. O-O Ne5 11. Bf4 Ng6 12. Bg5 d4 13. Ne2 Qc7 14. h3 h6
15. Bd2 Rhd8 16. f4 e5 17. f5 Nf8 18. Ng3 Qb6 19. b4 Bd6 20. Qe1 Rd7 21. a4 a5
22. bxa5 Qa7 23. Kh2 Rdc7 24. Rb1 N8d7 25. Rb5 Nc5 26. Bb4 Nxd3 27. cxd3 Rc3
28. Rxe5+ Kd7 29. Bxd6 Kxd6 30. Rb5 Nd7 31. e5+ Kc7 32. e6 Re8 33. Qe4 Rc6 34.
Qf4+ Kc8 35. exd7+ Kxd7 36. Rfb1 Rc7 37. Ne4 f6 38. Rd5+ 1-0

[Event "Madrid-ch 2020-2021 - Final"]
[Site "Madrid ESP"]
[Date "2021.05.27"]
[Round "6.10"]
[White "Cabañas Bravo, Juan Andres"]
[Black "Pindado Campos, Raul"]
[Result "0-1"]
[WhiteElo "1948"]
[BlackElo "2152"]
[PlyCount "78"]
[EventDate "2021.05.22"]
[EventType "swiss"]
[EventRounds "7"]
[EventCountry "ESP"]
[SourceTitle "Ajedrez en Madrid"]
[Source "lmi"]
[SourceDate "2021.05.23"]
[SourceVersion "1"]
[SourceVersionDate "2021.05.29"]
[SourceQuality "1"]

1. e4 e5 2. d4 exd4 3. c3 Qe7 4. cxd4 Qxe4+ 5. Be3 Bb4+ 6. Nc3 Nf6 7. Nf3 Nd5
8. Qd2 Nxe3 9. fxe3 Qe7 10. Bd3 d6 11. O-O Nc6 12. Rae1 Bd7 13. Qc2 Bxc3 14.
Qxc3 O-O-O 15. e4 Kb8 16. b4 Rc8 17. b5 Nd8 18. d5 Ka8 19. Rb1 f5 20. Rfe1 Qf6
21. Qa5 b6 22. Qa3 Nb7 23. e5 dxe5 24. Nxe5 Nc5 25. Kh1 Rhe8 26. Nc6 Bxc6 27.
bxc6 Rxe1+ 28. Rxe1 Qd4 29. Bxf5 Qf2 30. Qg3 Qxf5 31. d6 cxd6 32. Qxg7 Qg6 33.
Qc3 d5 34. h3 Qxc6 35. Qg7 Rc7 36. Qg8+ Kb7 37. Re8 Nd7 38. Qf7 d4 39. Re6 Nc5
0-1

[Event "Madrid-ch 2020-2021 - Final"]
[Site "Madrid ESP"]
[Date "2021.05.27"]
[Round "6.11"]
[White "Rottenwohrer Suarez, Juan"]
[Black "Demerson Joly, Javier"]
[Result "1-0"]
[WhiteElo "2196"]
[BlackElo "1959"]
[PlyCount "108"]
[EventDate "2021.05.22"]
[EventType "swiss"]
[EventRounds "7"]
[EventCountry "ESP"]
[SourceTitle "Ajedrez en Madrid"]
[Source "lmi"]
[SourceDate "2021.05.23"]
[SourceVersion "1"]
[SourceVersionDate "2021.05.29"]
[SourceQuality "1"]

1. Nf3 d5 2. g3 Bg4 3. Bg2 Nd7 4. d4 Bxf3 5. exf3 Ngf6 6. O-O e6 7. f4 Be7 8.
f5 exf5 9. Qd3 O-O 10. Qxf5 c6 11. c3 Re8 12. Bf4 Nf8 13. Nd2 Ng6 14. Bg5 Qd7
15. Qd3 h6 16. Bxf6 Bxf6 17. f4 Ne7 18. Nf3 Qf5 19. Qd2 Nc8 20. Ne5 Nd6 21. g4
Qh7 22. Rf3 Ne4 23. Qe2 Bxe5 24. fxe5 Ng5 25. Rf5 Re7 26. Raf1 Ne6 27. Qf3 g5
28. Rf2 Nf4 29. Bf1 Qg7 30. Bd3 Nxd3 31. Qxd3 Rf8 32. b4 b5 33. Qf3 Re6 34. Kg2
Qg6 35. Kg3 Kg7 36. h3 Kg8 37. a4 a6 38. Kg2 Kg7 39. Kf1 Kg8 40. a5 Kg7 41. Ke1
Kg8 42. Kd2 Kg7 43. Kc1 Kg8 44. Kb2 Kg7 45. Rh2 Rh8 46. Rf2 Rf8 47. Qg3 Rh8 48.
h4 gxh4 49. Qxh4 Rf8 50. g5 Rh8 51. Qf4 Rf8 52. gxh6+ Qxh6 53. Rxf7+ Rxf7 54.
Qxf7+ Kh8 1-0

[Event "Madrid-ch 2020-2021 - Final"]
[Site "Madrid ESP"]
[Date "2021.05.27"]
[Round "6.12"]
[White "Vukotic Jovsic, Dragan"]
[Black "Rojas Pozo, Jose Luis"]
[Result "1-0"]
[WhiteElo "1859"]
[BlackElo "1875"]
[PlyCount "87"]
[EventDate "2021.05.22"]
[EventType "swiss"]
[EventRounds "7"]
[EventCountry "ESP"]
[SourceTitle "Ajedrez en Madrid"]
[Source "lmi"]
[SourceDate "2021.05.23"]
[SourceVersion "1"]
[SourceVersionDate "2021.05.29"]
[SourceQuality "1"]

1. d4 Nf6 2. Bf4 b6 3. f3 d5 4. e3 Bb7 5. c4 e6 6. Bd3 Bd6 7. Ne2 Nh5 8. Be5
Bxe5 9. dxe5 Qg5 10. g4 Qxe3 11. gxh5 Nd7 12. cxd5 Bxd5 13. Qd2 Qxf3 14. Ng3
Nxe5 15. Be2 Qg2 16. Nc3 Nf3+ 17. Bxf3 Qxd2+ 18. Kxd2 Bxf3 19. Rhg1 O-O-O+ 20.
Ke3 Bb7 21. Nge4 Bxe4 22. Nxe4 g6 23. Ng5 Rd7 24. Rad1 f6 25. Rxd7 Kxd7 26.
Nxh7 g5 27. Nxf6+ Ke7 28. Ne4 Rxh5 29. Rg2 e5 30. Nxg5 Rh4 31. Nf3 Ra4 32. a3
c5 33. Nxe5 b5 34. Rg4 c4 35. Kd4 Kf6 36. Nd7+ Kf5 37. Nc5 Rxa3 38. Rg5+ Kxg5
39. Ne4+ Kf4 40. bxa3 a5 41. Nc3 b4 42. Nd5+ Kf3 43. Nxb4 axb4 44. axb4 1-0

[Event "Madrid-ch 2020-2021 - Final"]
[Site "Madrid ESP"]
[Date "2021.05.28"]
[Round "7.1"]
[White "Martin Duque, Jesus"]
[Black "Moreno Ruiz, Javier"]
[Result "1/2-1/2"]
[WhiteElo "2432"]
[BlackElo "2426"]
[PlyCount "56"]
[EventDate "2021.05.22"]
[EventType "swiss"]
[EventRounds "7"]
[EventCountry "ESP"]
[SourceTitle "Ajedrez en Madrid"]
[Source "lmi"]
[SourceDate "2021.05.23"]
[SourceVersion "1"]
[SourceVersionDate "2021.05.29"]
[SourceQuality "1"]

1. Nf3 Nf6 2. b3 d5 3. Bb2 Bg4 4. e3 Nbd7 5. h3 Bxf3 6. Qxf3 e5 7. g4 c6 8. Nc3
Nc5 9. g5 Nfd7 10. h4 Bd6 11. e4 d4 12. Ne2 Ne6 13. Ng3 g6 14. Bc4 Qe7 15. a4
a5 16. Qg4 Ndc5 17. Ne2 Rd8 18. Rh3 h6 19. gxh6 Rxh6 20. O-O-O Qf6 21. Rf1 Be7
22. f4 Rxh4 23. Rxh4 Qxh4 24. Qxh4 Bxh4 25. fxe5 Bg5 26. Kd1 Bh6 27. d3 Bg7 28.
Ba3 Rd7 1/2-1/2

[Event "Madrid-ch 2020-2021 - Final"]
[Site "Madrid ESP"]
[Date "2021.05.28"]
[Round "7.2"]
[White "Martinez Reyes, Pedro Ramon"]
[Black "Quispe Arteaga, Gabriel"]
[Result "1/2-1/2"]
[WhiteElo "2408"]
[BlackElo "2386"]
[PlyCount "34"]
[EventDate "2021.05.22"]
[EventType "swiss"]
[EventRounds "7"]
[EventCountry "ESP"]
[SourceTitle "Ajedrez en Madrid"]
[Source "lmi"]
[SourceDate "2021.05.23"]
[SourceVersion "1"]
[SourceVersionDate "2021.05.29"]
[SourceQuality "1"]

1. e4 c5 2. Nf3 d6 3. c3 Nf6 4. Bd3 Nc6 5. Bc2 Bg4 6. h3 Bxf3 7. Qxf3 g6 8. O-O
Bg7 9. d3 O-O 10. Be3 Rc8 11. Nd2 Nd7 12. Qe2 b5 13. Nf3 b4 14. d4 Qa5 15. d5
bxc3 16. dxc6 cxb2 17. Rab1 Rxc6 1/2-1/2

[Event "Madrid-ch 2020-2021 - Final"]
[Site "Madrid ESP"]
[Date "2021.05.28"]
[Round "7.3"]
[White "Almagro Llamas, Pablo"]
[Black "Martinez Fernandez, Raul"]
[Result "1-0"]
[WhiteElo "2424"]
[BlackElo "2141"]
[PlyCount "61"]
[EventDate "2021.05.22"]
[EventType "swiss"]
[EventRounds "7"]
[EventCountry "ESP"]
[SourceTitle "Ajedrez en Madrid"]
[Source "lmi"]
[SourceDate "2021.05.23"]
[SourceVersion "1"]
[SourceVersionDate "2021.05.29"]
[SourceQuality "1"]

1. Nf3 d5 2. b3 c5 3. e3 Nd7 4. Bb2 Qc7 5. c4 e6 6. Nc3 Ngf6 7. d4 b6 8. cxd5
exd5 9. dxc5 Bxc5 10. Rc1 O-O 11. Be2 Ne5 12. a3 Nxf3+ 13. Bxf3 Qe7 14. b4 Bxb4
15. axb4 Qxb4 16. Qd2 Ba6 17. Ne2 Qxd2+ 18. Kxd2 Ne4+ 19. Bxe4 dxe4 20. Nf4
Rfd8+ 21. Bd4 Bb5 22. Rc7 a5 23. Rb1 Be8 24. Rxb6 a4 25. Rb1 a3 26. Ra1 Rd6 27.
Rc2 f6 28. Rca2 Rda6 29. Nd5 Bf7 30. Nc7 Bxa2 31. Rxa2 1-0

[Event "Madrid-ch 2020-2021 - Final"]
[Site "Madrid ESP"]
[Date "2021.05.28"]
[Round "7.4"]
[White "Mkrtchyan, Levon"]
[Black "Hernandez Ramos, David"]
[Result "1-0"]
[WhiteElo "2230"]
[BlackElo "2101"]
[PlyCount "99"]
[EventDate "2021.05.22"]
[EventType "swiss"]
[EventRounds "7"]
[EventCountry "ESP"]
[SourceTitle "Ajedrez en Madrid"]
[Source "lmi"]
[SourceDate "2021.05.23"]
[SourceVersion "1"]
[SourceVersionDate "2021.05.29"]
[SourceQuality "1"]

1. e4 e6 2. d4 d5 3. Nc3 Nf6 4. exd5 Nxd5 5. Nxd5 exd5 6. Bd3 Be7 7. Bf4 O-O 8.
Qh5 g6 9. Qf3 Nc6 10. c3 Re8 11. Ne2 Be6 12. O-O Qd7 13. h3 Rac8 14. Rfe1 Bf5
15. Bxf5 Qxf5 16. Ng3 Qd7 17. Re2 Nd8 18. Rae1 Ne6 19. Bh6 Bf8 20. Bxf8 Kxf8
21. Re5 Ng7 22. Qf6 Rxe5 23. Rxe5 Re8 24. Nf1 Qd8 25. Rxe8+ Qxe8 26. Ne3 c6 27.
Qd6+ Kg8 28. Qc7 Nf5 29. Nxf5 gxf5 30. Qxb7 Qe1+ 31. Kh2 Qxf2 32. Qb8+ Kg7 33.
Qg3+ Qxg3+ 34. Kxg3 Kf6 35. Kf4 h6 36. b3 Ke6 37. c4 dxc4 38. bxc4 a5 39. a4
Kf6 40. h4 Ke6 41. h5 Kf6 42. d5 cxd5 43. cxd5 Ke7 44. Kxf5 Kd6 45. Kf6 Kxd5
46. Kxf7 Kc5 47. Kg6 Kb4 48. Kxh6 Kxa4 49. Kg6 Kb3 50. h6 1-0

[Event "Madrid-ch 2020-2021 - Final"]
[Site "Madrid ESP"]
[Date "2021.05.28"]
[Round "7.5"]
[White "Ortega Ruiz, Jose Miguel"]
[Black "Candela Perez, Jose"]
[Result "0-1"]
[WhiteElo "2253"]
[BlackElo "2328"]
[PlyCount "35"]
[EventDate "2021.05.22"]
[EventType "swiss"]
[EventRounds "7"]
[EventCountry "ESP"]
[SourceTitle "Ajedrez en Madrid"]
[Source "lmi"]
[SourceDate "2021.05.23"]
[SourceVersion "1"]
[SourceVersionDate "2021.05.29"]
[SourceQuality "1"]

1. d4 d5 2. c4 c6 3. Nf3 Nf6 4. Nc3 dxc4 5. a4 Bf5 6. Ne5 Nbd7 7. Nxc4 Qc7 8.
g3 e5 9. dxe5 Nxe5 10. Bf4 Nfd7 11. Bg2 g5 12. Ne3 gxf4 13. Nxf5 O-O-O 14. gxf4
Nc5 15. Qc2 Nc4 16. e3 Rd2 17. Qxd2 Nxd2 18. Kxd2 0-1

[Event "Madrid-ch 2020-2021 - Final"]
[Site "Madrid ESP"]
[Date "2021.05.28"]
[Round "7.6"]
[White "Suarez Uriel, Adrian"]
[Black "Fernandez Rosado, Roberto"]
[Result "1-0"]
[WhiteElo "2364"]
[BlackElo "2029"]
[PlyCount "123"]
[EventDate "2021.05.22"]
[EventType "swiss"]
[EventRounds "7"]
[EventCountry "ESP"]
[SourceTitle "Ajedrez en Madrid"]
[Source "lmi"]
[SourceDate "2021.05.23"]
[SourceVersion "1"]
[SourceVersionDate "2021.05.29"]
[SourceQuality "1"]

1. e4 e5 2. Nf3 Nc6 3. Bb5 a6 4. Ba4 Nf6 5. O-O b5 6. Bb3 Be7 7. d3 O-O 8. Bd2
d6 9. h3 a5 10. a4 b4 11. Bg5 Be6 12. Bxe6 fxe6 13. Re1 Qe8 14. Bxf6 Bxf6 15.
Nbd2 Nd4 16. Nxd4 exd4 17. Nc4 e5 18. Rf1 Qg6 19. Qg4 Qxg4 20. hxg4 Bg5 21. g3
g6 22. Kg2 Kg7 23. f3 h5 24. gxh5 gxh5 25. Rh1 Kg6 26. Kf2 Rh8 27. Rag1 Kf6 28.
Ke2 Ke6 29. Rh3 c6 30. Rgh1 h4 31. gxh4 Bf4 32. Rg1 d5 33. Nd2 Rag8 34. Rg4 c5
35. exd5+ Kxd5 36. Ne4 Ke6 37. Nxc5+ Kf5 38. Nb3 Rxg4 39. fxg4+ Kxg4 40. Rh1
Kf5 41. h5 Bh6 42. Nxa5 Ra8 43. Nc4 Rxa4 44. Rg1 Ra6 45. Rg6 Rxg6 46. hxg6 e4
47. Nd6+ Kxg6 48. dxe4 Bc1 49. b3 Kf6 50. Kd3 Bb2 51. Nc4 Bc3 52. Na5 Ke5 53.
Nc6+ Kd6 54. Nxd4 Ke5 55. Nf5 Ba1 56. Ne3 Bc3 57. Nd5 Be1 58. Ne3 Bc3 59. Nc4+
Ke6 60. Ke3 Bg7 61. Nb6 Ke5 62. Kd3 1-0

[Event "Madrid-ch 2020-2021 - Final"]
[Site "Madrid ESP"]
[Date "2021.05.28"]
[Round "7.7"]
[White "Pindado Campos, Raul"]
[Black "Centeno Mendoza, Julio Stefano"]
[Result "1-0"]
[WhiteElo "2152"]
[BlackElo "2012"]
[PlyCount "87"]
[EventDate "2021.05.22"]
[EventType "swiss"]
[EventRounds "7"]
[EventCountry "ESP"]
[SourceTitle "Ajedrez en Madrid"]
[Source "lmi"]
[SourceDate "2021.05.23"]
[SourceVersion "1"]
[SourceVersionDate "2021.05.29"]
[SourceQuality "1"]

1. d4 d5 2. c4 e6 3. Nf3 Nf6 4. g3 Be7 5. Bg2 O-O 6. O-O dxc4 7. Ne5 c5 8. dxc5
Qc7 9. Nxc4 Qxc5 10. b3 Rd8 11. Nbd2 Qc7 12. Bb2 Nc6 13. Rc1 Bd7 14. Ne5 Rac8
15. Nxc6 Bxc6 16. Bxc6 bxc6 17. Qc2 Nd5 18. Nc4 Nb4 19. Qb1 c5 20. Qa1 f6 21.
Qb1 Qb7 22. Rfd1 Rd5 23. Ne3 Rh5 24. Ng2 e5 25. Ba3 a5 26. Bxb4 axb4 27. Qd3
Kf8 28. e4 Ra8 29. Qe2 g6 30. Rc2 f5 31. exf5 Rxf5 32. g4 Rf6 33. Qxe5 Kf7 34.
Re2 Rfa6 35. Rde1 R8a7 36. Qf4+ Kg7 37. Rxe7+ Qxe7 38. Rxe7+ Rxe7 39. g5 Rf7
40. Qe5+ Kg8 41. Qe2 Ra5 42. h4 Rfa7 43. Qe8+ Kg7 44. Nf4 1-0

[Event "Madrid-ch 2020-2021 - Final"]
[Site "Madrid ESP"]
[Date "2021.05.28"]
[Round "7.8"]
[White "Rodriguez Avila, Alvaro"]
[Black "Rottenwohrer Suarez, Juan"]
[Result "0-1"]
[WhiteElo "1966"]
[BlackElo "2196"]
[PlyCount "80"]
[EventDate "2021.05.22"]
[EventType "swiss"]
[EventRounds "7"]
[EventCountry "ESP"]
[SourceTitle "Ajedrez en Madrid"]
[Source "lmi"]
[SourceDate "2021.05.23"]
[SourceVersion "1"]
[SourceVersionDate "2021.05.29"]
[SourceQuality "1"]

1. b3 Nf6 2. Bb2 g6 3. Bxf6 exf6 4. c4 Bg7 5. Nc3 b6 6. e3 Bb7 7. Nf3 O-O 8.
Be2 f5 9. d4 d6 10. O-O Nd7 11. Rc1 Re8 12. Nd2 Nf6 13. Bf3 Ne4 14. Bxe4 fxe4
15. Qc2 f5 16. Nd5 c6 17. Nf4 Qe7 18. d5 c5 19. Ne6 Be5 20. f3 exf3 21. Nxf3
Bc8 22. Nf4 Bxf4 23. exf4 Qe3+ 24. Qf2 Qxf4 25. g3 Qh6 26. Rce1 Bd7 27. Qb2 Qg7
28. Qd2 a5 29. Qf4 Qf6 30. g4 Rxe1 31. Rxe1 Re8 32. Rxe8+ Bxe8 33. gxf5 Bd7 34.
Qe3 Bxf5 35. Ng5 Kg7 36. Ne6+ Bxe6 37. dxe6 Qd4 38. Qxd4+ cxd4 39. Kf2 Kf6 40.
Ke2 Kxe6 0-1

[Event "Madrid-ch 2020-2021 - Final"]
[Site "Madrid ESP"]
[Date "2021.05.28"]
[Round "7.9"]
[White "Rey Martinez, Jaime"]
[Black "Neagu, Roberto Florin"]
[Result "1/2-1/2"]
[WhiteElo "1992"]
[BlackElo "1881"]
[PlyCount "104"]
[EventDate "2021.05.22"]
[EventType "swiss"]
[EventRounds "7"]
[EventCountry "ESP"]
[SourceTitle "Ajedrez en Madrid"]
[Source "lmi"]
[SourceDate "2021.05.23"]
[SourceVersion "1"]
[SourceVersionDate "2021.05.29"]
[SourceQuality "1"]

1. e4 c5 2. Nf3 Nc6 3. d4 cxd4 4. Nxd4 Nf6 5. Nc3 e5 6. Ndb5 d6 7. Bg5 a6 8.
Na3 b5 9. Bxf6 gxf6 10. Nd5 Bg7 11. g3 Ne7 12. Bg2 Be6 13. Ne3 Qc7 14. c3 Rd8
15. Nac2 O-O 16. Nb4 Qb7 17. O-O a5 18. Nbd5 Nxd5 19. exd5 Bd7 20. Be4 Qc8 21.
Qh5 h6 22. Rfe1 Kh8 23. Bf5 Rg8 24. Bxd7 Qxd7 25. Nf5 Kh7 26. Re4 Bf8 27. Rg4
Rg6 28. Re1 Bg7 29. Ree4 Rg8 30. Ne3 Bf8 31. a4 f5 32. Rxg6 fxg6 33. Qh3 Qg7
34. Rh4 Be7 35. axb5 Bxh4 36. Qxh4 e4 37. Qf4 Qd7 38. c4 Rf8 39. Nc2 Qc7 40.
Na3 Qc5 41. Qd2 Re8 42. Qe3 Qb4 43. Qa7+ Kg8 44. Qd7 Re5 45. Nc2 Qxb2 46. Qxd6
Qxc2 47. Qxg6+ Kf8 48. Qxh6+ Ke7 49. Qg7+ Kd6 50. Qf6+ Kc5 51. Qxe5 Qd1+ 52.
Kg2 Qf3+ 1/2-1/2

[Event "Madrid-ch 2020-2021 - Final"]
[Site "Madrid ESP"]
[Date "2021.05.28"]
[Round "7.10"]
[White "Perez Gonzalez, Daniel"]
[Black "Vukotic Jovsic, Dragan"]
[Result "1-0"]
[WhiteElo "2056"]
[BlackElo "1859"]
[PlyCount "63"]
[EventDate "2021.05.22"]
[EventType "swiss"]
[EventRounds "7"]
[EventCountry "ESP"]
[SourceTitle "Ajedrez en Madrid"]
[Source "lmi"]
[SourceDate "2021.05.23"]
[SourceVersion "1"]
[SourceVersionDate "2021.05.29"]
[SourceQuality "1"]

1. d4 e6 2. Nc3 d5 3. Bf4 Bd6 4. e3 Bxf4 5. exf4 Nf6 6. Nf3 O-O 7. Bd3 b6 8.
O-O Ba6 9. Ne5 c5 10. a4 Bxd3 11. Qxd3 a6 12. Rfe1 Qc7 13. Re3 Nc6 14. Rh3 cxd4
15. Ng4 Rfc8 16. Nxf6+ gxf6 17. Qxh7+ Kf8 18. Nxd5 exd5 19. Re1 Ne5 20. fxe5
fxe5 21. Qh8+ Ke7 22. Rxe5+ Kd6 23. Qf6+ Kc5 24. c3 Re8 25. Rxe8 Rxe8 26. b4+
Kc4 27. Qxd4+ Kb3 28. Qd1+ Kc4 29. Qd3+ Kb3 30. c4+ Kxb4 31. Qa3+ Ka5 32. Qc3+
1-0

[Event "Madrid-ch 2020-2021 - Final"]
[Site "Madrid ESP"]
[Date "2021.05.28"]
[Round "7.11"]
[White "Demerson Joly, Javier"]
[Black "Cabañas Bravo, Juan Andres"]
[Result "0-1"]
[WhiteElo "1959"]
[BlackElo "1948"]
[PlyCount "100"]
[EventDate "2021.05.22"]
[EventType "swiss"]
[EventRounds "7"]
[EventCountry "ESP"]
[SourceTitle "Ajedrez en Madrid"]
[Source "lmi"]
[SourceDate "2021.05.23"]
[SourceVersion "1"]
[SourceVersionDate "2021.05.29"]
[SourceQuality "1"]

1. c4 Nf6 2. Nc3 d5 3. cxd5 Nxd5 4. e4 Nxc3 5. dxc3 Qxd1+ 6. Kxd1 Nd7 7. Be3 g6
8. Kc2 Bg7 9. h4 Nf6 10. f3 Be6 11. Ne2 a6 12. g4 O-O-O 13. Nf4 Bd7 14. h5 e5
15. Nd3 Rhe8 16. a4 Kb8 17. b4 Bc6 18. c4 Nxg4 19. fxg4 Bxe4 20. Rg1 Bxd3+ 21.
Bxd3 e4 22. Be2 Bxa1 23. Rxa1 gxh5 24. g5 Rg8 25. Rh1 h6 26. Rxh5 hxg5 27. Rxg5
f6 28. Rxg8 Rxg8 29. Bd4 Kc8 30. Kd2 Kd7 31. Ke3 f5 32. c5 c6 33. Be5 Rg2 34.
Bd6 Ke6 35. Bc4+ Kf6 36. Bf4 Rb2 37. b5 axb5 38. axb5 cxb5 39. Bd5 Rc2 40. Kd4
b4 41. Bxb7 b3 42. Bd5 b2 43. Ba2 Rc1 44. Be5+ Kg5 45. Kd5 b1=Q 46. Bxb1 Rxb1
47. c6 e3 48. c7 Rc1 49. Bd4 Rxc7 50. Bxe3+ f4 0-1